Význam služieb pre konkurencieschopnosť Európskej únie diplomová práca

Saved in:
Bibliographic Details
Main Author: Brehovská, Denisa
Corporate Author: Obchodná fakulta EU. Katedra medzinárodného obchodu
Other Authors: Krajčíková, Andrea
Format: Book
Language:Slovak
Published: Bratislava 2018
Tags: Add Tag
No Tags, Be the first to tag this record!

MARC

LEADER 00000nbm a2200000 4500
001 0243345
005 20181003112046.4
041 0 |a slo 
044 |a SK 
245 1 0 |a Význam služieb pre konkurencieschopnosť Európskej únie  |b diplomová práca  |c Denisa Brehovská ; školiteľ: Andrea Krajčíková 
264 1 |a Bratislava  |c 2018 
300 |a 87 s. 
100 1 |a Brehovská, Denisa 
700 1 |a Krajčíková, Andrea 
710 2 |a Obchodná fakulta EU. Katedra medzinárodného obchodu